000 00489nam a2200181Ia 4500
005 20250326124024.0
008 250326s9999 xx 000 0 und d
037 _aTextbook
040 _aFMSL
_beng
_cFMSL
041 _aeng
_2eng
084 _aXogB28 K9;2
_qFMSL
100 _aKane E J
245 0 _aEconomic statistics and econometrics
_cKane E J
260 _aNY
_bNY, Harper & Row
_c1969
300 _a437p
942 _cTB
_hXogB28 K9;2
999 _c1271933
_d1271933